000 00736nam a22001937a 4500
008 161020b xxu||||| |||| 00| 0 eng d
020 _a971086811x
082 _22008
_aDFil 380.03
_bD54
100 _916503
_aDitablan, Eustaquio C.
245 _aSelected terms and phrases in Finance, Accounting, and economics:
_b(a compilation)/
_cEustaquio C. Ditablan and Isagani O. Sta. Maria.
260 _aMandaluyong City:
_bNational Book Store,
_cc2008.
300 _av, 95 pages;
_c23 cm.
500 _aIncludes bibliographical references.
650 0 _916504
_aDictionaries, Finance
650 0 _916505
_aDictionaries, Accounting.
650 0 _916506
_aDictionaries, Economics.
700 _916507
_aSta. Maria, Isagani O.
942 _2ddc
_cDFIL
999 _c5330
_d5330